| 000 | 00566nam a2200193 a 4500 | ||
|---|---|---|---|
| 005 | 20210223121308.0 | ||
| 008 | 991125s1973 bar 000 0 spa u | ||
| 020 | _a8425408547 | ||
| 035 | _aUPN01000015215 | ||
| 049 | _aC | ||
| 050 | 4 |
_aHM17 _bS3.48 |
|
| 100 | 1 | _aSchoeck, Helmut | |
| 245 | 1 | 0 |
_aDiccionario de sociología / _cHelmut Schoeck. |
| 260 |
_aBarcelona, Esp. : _bHerder, _c1973. |
||
| 300 |
_a760 p. : _bil., col. |
||
| 440 | 0 |
_aBiblioteca Herder. _pSección de ciencias sociales ; _v136 |
|
| 650 | 4 |
_aSOCIOLOGIA - _vDICCIONARIOS _913911 |
|
| 905 | _aLibro | ||
| 999 |
_c15215 _d15215 |
||